Total Quality Management\ (Record no. 32126)

000 -LEADER
fixed length control field 00513nam a22002057a 4500
003 - CONTROL NUMBER IDENTIFIER
control field Nust
005 - DATE AND TIME OF LATEST TRANSACTION
control field 20210811154251.0
008 - FIXED-LENGTH DATA ELEMENTS--GENERAL INFORMATION
fixed length control field 170118b xxu||||| |||| 00| 0 eng d
020 ## - INTERNATIONAL STANDARD BOOK NUMBER
International Standard Book Number 818574999 X
038 ## - RECORD CONTENT LICENSOR
Staff Name khadija
040 ## - CATALOGING SOURCE
Transcribing agency c
082 ## - DEWEY DECIMAL CLASSIFICATION NUMBER
Classification number 658.4013
Author Mark ARO
100 ## - MAIN ENTRY--PERSONAL NAME
Personal name Arora, K. C.
9 (RLIN) 81440
245 ## - TITLE STATEMENT
Title Total Quality Management\
Statement of responsibility, etc. K. C. Arora
260 ## - PUBLICATION, DISTRIBUTION, ETC.
Place of publication, distribution, etc. New Delhi :
Name of publisher, distributor, etc. S.K kataria & Sons,
Date of publication, distribution, etc. 2010.
300 ## - PHYSICAL DESCRIPTION
Extent 1316 p. ;
Dimensions 24 cm.
500 ## - GENERAL NOTE
General note paperback.
563 ## - BINDING INFORMATION
Binding note PAPER BACK
942 ## - ADDED ENTRY ELEMENTS (KOHA)
Koha item type Book
Source of classification or shelving scheme
Holdings
Withdrawn status Lost status Source of classification or shelving scheme Damaged status Not for loan Permanent Location Current Location Shelving location Date acquired Full call number Barcode Date last seen Price effective from Koha item type Public note
          School of Mechanical & Manufacturing Engineering (SMME) School of Mechanical & Manufacturing Engineering (SMME) Reference 07/27/2015 658.4013 ARO SMME-719 03/15/2018 07/27/2015 Book Rack,12-Shelf,1
© 2023 Central Library, National University of Sciences and Technology. All Rights Reserved.